000 00443nam a22001817a 4500
005 20231012133321.0
008 231003b |||||||| |||| 00| 0 eng d
020 _a978123906309
082 _a615.19
_bANI
100 _aAnil,Bhandari
245 _aPharmaceutical Chemistry -1
260 _aIndia
_bCBS Publisher
_c2006
300 _a148
500 _aInclude Index
650 _aPharmacy
700 _aAnil Bhandari
942 _iBook
_6BOOK
999 _c33749
_d33749